000 00667nam a22001937a 4500
999 _c6572
_d6572
005 20251125232808.0
008 s2526 th tha d
040 _aNALT
041 _atha
050 _aDL65 ส227ล
100 0 _aสำเริง สัมพันธารักษ์
245 1 0 _aโลกลึกลับของไวกิ้ง
260 3 _aกรุงเทพฯ :
_bบุ๊คเอเธนส์,
_c2526
300 _a107 หน้า :
_b ภาพประกอบ, แผนที่
650 0 4 _aไวกิ้ง
850 _aNALT
856 4 0 _uhttps://hdl.handle.net/20.500.14156/331271
_71
942 _cGB
_2lcc